[Event "DVM U16w 2023"]
[Site "Magdeburg GER"]
[Date "2023.12.28"]
[Round "4"]
[White "Yamshchikova, Alisa"]
[Black "Leuchsenring, Delia"]
[Result "1/2-1/2"]
[Termination "normal"]
[Board "3.3"]
[WhiteElo "1323"]
[BlackElo "1097"]
[WhiteClock "00:30:28"]
[BlackClock "00:22:06"]
[WhiteTeam "TSG Oberschöneweide"]
[BlackTeam "ATSV Oberkotzau"]
[PlyCount "86"]
[WhiteFideId "34135790"]
[BlackFideId "34605304"]
[EventCountry "GER"]
[EventRounds "7"]
[EventType "team-swiss"]
[EventDate "2023.12.26"]

1. e4 {[%clk 01:30:58]} {[%emt 00:00:01]} e5 {[%clk 01:30:55]} {[%emt
00:00:05]} 2. Nf3 {[%clk 01:31:17]} {[%emt 00:00:12]} Nf6 {[%clk 01:31:19]}
{[%emt 00:00:06]} 3. Nc3 {[%clk 01:31:13]} {[%emt 00:00:33]} Nc6 {[%clk
01:31:31]} {[%emt 00:00:19]} 4. Bb5 {[%clk 01:31:05]} {[%emt 00:00:37]} d6
{[%clk 01:30:34]} {[%emt 00:01:27]} 5. O-O {[%clk 01:31:25]} {[%emt 00:00:11]}
Be7 {[%clk 01:30:38]} {[%emt 00:00:26]} 6. h3 {[%clk 01:31:42]} {[%emt
00:00:13]} O-O {[%clk 01:30:41]} {[%emt 00:00:26]} 7. d4 {[%clk 01:31:21]}
{[%emt 00:00:51]} exd4 {[%clk 01:26:51]} {[%emt 00:04:21]} 8. Nxd4 {[%clk
01:31:44]} {[%emt 00:00:06]} Ne5 {[%clk 01:26:42]} {[%emt 00:00:39]} 9. f4
{[%clk 01:21:23]} {[%emt 00:10:50]} Ng6 {[%clk 01:25:15]} {[%emt 00:01:58]} 10.
f5 {[%clk 01:21:23]} {[%emt 00:00:31]} Ne5 {[%clk 01:25:35]} {[%emt 00:00:09]}
11. Nf3 {[%clk 01:21:37]} {[%emt 00:00:16]} c6 {[%clk 01:22:45]} {[%emt
00:03:20]} 12. Nxe5 {[%clk 01:18:23]} {[%emt 00:03:42]} dxe5 {[%clk 01:20:01]}
{[%emt 00:03:16]} 13. Bd3 {[%clk 01:18:00]} {[%emt 00:00:54]} Nd7 {[%clk
01:16:03]} {[%emt 00:04:27]} 14. Qg4 {[%clk 01:17:52]} {[%emt 00:00:38]} Nf6
{[%clk 01:13:49]} {[%emt 00:02:44]} 15. Qg3 {[%clk 01:17:56]} {[%emt 00:00:25]}
Bc5+ {[%clk 01:05:56]} {[%emt 00:08:24]} 16. Kh1 {[%emt 00:00:54]} Qd6 {[%clk
01:05:59]} 17. Rf3 {[%clk 01:08:28]} {[%emt 00:10:01]} Bd7 {[%clk 00:51:21]}
{[%emt 00:15:08]} 18. Qh4 {[%clk 01:08:22]} {[%emt 00:00:35]} Kh8 {[%clk
00:37:37]} {[%emt 00:14:15]} 19. g4 {[%clk 01:07:33]} {[%emt 00:01:19]} Qd4
{[%clk 00:35:31]} {[%emt 00:02:36]} 20. Ne2 {[%clk 01:04:46]} {[%emt 00:03:16]}
Qd6 {[%clk 00:33:44]} {[%emt 00:02:17]} 21. g5 {[%clk 01:02:21]} {[%emt
00:02:56]} Ng8 {[%clk 00:33:35]} {[%emt 00:00:39]} 22. Bd2 {[%clk 00:54:11]}
{[%emt 00:08:40]} b5 {[%clk 00:30:18]} {[%emt 00:03:47]} 23. Raf1 {[%clk
00:48:36]} {[%emt 00:06:04]} Bb6 {[%clk 00:29:58]} {[%emt 00:00:51]} 24. f6
{[%clk 00:42:28]} {[%emt 00:06:39]} g6 {[%clk 00:29:22]} {[%emt 00:01:06]} 25.
Qg3 {[%clk 00:36:01]} {[%emt 00:06:55]} c5 {[%clk 00:27:07]} {[%emt 00:02:45]}
26. Bc3 {[%clk 00:31:10]} {[%emt 00:05:21]} c4 {[%clk 00:25:33]} {[%emt
00:02:05]} 27. Bxe5 {[%clk 00:31:29]} {[%emt 00:00:11]} Qb4 {[%clk 00:21:12]}
{[%emt 00:04:51]} 28. Bd6 {[%clk 00:29:46]} {[%emt 00:02:13]} Qxb2 {[%clk
00:20:53]} {[%emt 00:00:49]} 29. Bxf8 {[%clk 00:30:10]} {[%emt 00:00:06]} Rxf8
{[%clk 00:20:29]} {[%emt 00:00:53]} 30. Nf4 {[%clk 00:24:35]} {[%emt 00:06:06]}
cxd3 {[%clk 00:19:59]} {[%emt 00:01:00]} 31. Rxd3 {[%clk 00:23:44]} {[%emt
00:01:20]} Bc6 {[%clk 00:18:40]} {[%emt 00:01:50]} 32. Nd5 {[%clk 00:23:16]}
{[%emt 00:00:57]} Bd4 {[%clk 00:16:11]} {[%emt 00:03:00]} 33. Rfd1 {[%clk
00:20:47]} {[%emt 00:02:59]} Be5 {[%clk 00:16:12]} {[%emt 00:00:28]} 34. Qg2
{[%clk 00:20:29]} {[%emt 00:00:48]} Qxa2 {[%clk 00:14:22]} {[%emt 00:02:21]}
35. Nb4 {[%clk 00:18:08]} {[%emt 00:02:50]} Qc4 {[%clk 00:13:29]} {[%emt
00:01:23]} 36. Nxc6 {[%clk 00:18:02]} {[%emt 00:00:36]} Qxc6 {[%clk 00:13:41]}
{[%emt 00:00:18]} 37. Rd5 {[%clk 00:11:55]} {[%emt 00:06:38]} Bc7 {[%clk
00:09:51]} {[%emt 00:04:20]} 38. Qe2 {[%clk 00:08:12]} {[%emt 00:04:12]} b4
{[%clk 00:07:40]} {[%emt 00:02:42]} 39. R1d4 {[%clk 00:05:38]} {[%emt
00:03:03]} a5 {[%clk 00:06:37]} {[%emt 00:01:33]} 40. Rc4 {[%clk 00:03:08]}
{[%emt 00:02:59]} Qa6 {[%clk 00:05:05]} {[%emt 00:02:04]} 41. Qd3 {[%clk
00:03:14]} {[%emt 00:00:23]} Qb6 {[%clk 00:04:51]} {[%emt 00:00:45]} 42. Qd4
{[%clk 00:03:02]} {[%emt 00:00:42]} Qb8 {[%clk 00:27:02]} {[%emt 00:08:19]} 43.
Rd7 {[%clk 00:30:28]} {[%emt 00:03:03]} Bf4 {[%clk 00:22:06]} {[%emt 00:05:26]}
1/2-1/2

[Event "DVM U16w 2023"]
[Site "Magdeburg GER"]
[Date "2023.12.28"]
[Round "4"]
[White "Köppel, Clementine"]
[Black "Weng, Yueyi Elina"]
[Result "1-0"]
[Termination "normal"]
[Board "3.4"]
[WhiteElo "1267"]
[BlackElo "1457"]
[WhiteClock "00:03:16"]
[BlackClock "00:31:46"]
[WhiteTeam "ATSV Oberkotzau"]
[BlackTeam "TSG Oberschöneweide"]
[PlyCount "69"]
[WhiteFideId "34605819"]
[BlackFideId "34639896"]
[EventCountry "GER"]
[EventRounds "7"]
[EventType "team-swiss"]
[EventDate "2023.12.26"]

1. e4 {[%clk 01:30:58]} {[%emt 00:00:01]} c6 {[%clk 01:30:53]} {[%emt
00:00:08]} 2. Nc3 {[%clk 01:31:08]} {[%emt 00:00:18]} d5 {[%clk 01:31:13]}
{[%emt 00:00:11]} 3. exd5 {[%clk 01:31:08]} {[%emt 00:00:30]} cxd5 {[%clk
01:31:33]} {[%emt 00:00:10]} 4. d4 {[%clk 01:31:26]} {[%emt 00:00:12]} Nf6
{[%clk 01:31:41]} {[%emt 00:00:23]} 5. Nf3 {[%clk 01:30:43]} {[%emt 00:01:13]}
Bf5 {[%clk 01:31:40]} {[%emt 00:00:30]} 6. Bd3 {[%clk 01:22:37]} {[%emt
00:08:36]} Bxd3 {[%clk 01:31:24]} {[%emt 00:00:47]} 7. Qxd3 {[%clk 01:22:54]}
{[%emt 00:00:12]} e6 {[%clk 01:31:26]} {[%emt 00:00:29]} 8. O-O {[%clk
01:19:08]} {[%emt 00:04:15]} Bd6 {[%clk 01:30:44]} {[%emt 00:01:13]} 9. Bg5
{[%clk 01:12:16]} {[%emt 00:07:22]} O-O {[%clk 01:27:32]} {[%emt 00:03:42]} 10.
Rfe1 {[%clk 01:04:37]} {[%emt 00:08:09]} Nbd7 {[%clk 01:25:28]} {[%emt
00:02:33]} 11. Re2 {[%clk 00:48:10]} {[%emt 00:16:58]} a6 {[%clk 01:23:45]}
{[%emt 00:02:12]} 12. a3 {[%clk 00:47:11]} {[%emt 00:01:29]} Qc7 {[%clk
01:18:26]} {[%emt 00:05:49]} 13. h3 {[%clk 00:45:37]} {[%emt 00:02:04]} Rac8
{[%clk 01:15:04]} {[%emt 00:03:51]} 14. Rae1 {[%clk 00:43:05]} {[%emt
00:03:03]} Bxa3 {[%clk 01:13:20]} {[%emt 00:02:14]} 15. Nxd5 {[%clk 00:40:19]}
{[%emt 00:03:16]} Nxd5 {[%clk 01:13:03]} {[%emt 00:00:47]} 16. Qxa3 {[%clk
00:38:41]} {[%emt 00:02:08]} N7b6 {[%clk 01:07:42]} {[%emt 00:05:50]} 17. Qd3
{[%clk 00:35:39]} {[%emt 00:03:33]} h6 {[%clk 01:03:06]} {[%emt 00:05:06]} 18.
Bh4 {[%clk 00:35:33]} {[%emt 00:00:37]} Nf4 {[%clk 01:03:00]} {[%emt 00:00:35]}
19. Qe4 {[%clk 00:29:56]} {[%emt 00:06:07]} Nxe2+ {[%clk 01:03:01]} {[%emt
00:00:30]} 20. Rxe2 {[%clk 00:30:17]} {[%emt 00:00:09]} Nd5 {[%clk 00:58:14]}
{[%emt 00:05:14]} 21. Ne5 {[%clk 00:26:22]} {[%emt 00:04:27]} b5 {[%clk
00:55:27]} {[%emt 00:03:16]} 22. Qg4 {[%clk 00:23:10]} {[%emt 00:03:42]} a5
{[%clk 00:49:15]} {[%emt 00:06:43]} 23. f4 {[%clk 00:17:48]} {[%emt 00:05:52]}
Qa7 {[%clk 00:44:35]} {[%emt 00:05:09]} 24. Bf2 {[%clk 00:11:27]} {[%emt
00:06:52]} Nf6 {[%clk 00:43:08]} {[%emt 00:01:57]} 25. Qg3 {[%clk 00:10:25]}
{[%emt 00:01:32]} Qb7 {[%clk 00:40:54]} {[%emt 00:02:42]} 26. Be3 {[%clk
00:08:11]} {[%emt 00:02:46]} Kh7 {[%clk 00:39:28]} {[%emt 00:01:55]} 27. Bf2
{[%clk 00:05:38]} {[%emt 00:03:05]} Ne4 {[%clk 00:39:22]} {[%emt 00:00:35]} 28.
Qd3 {[%clk 00:05:48]} {[%emt 00:00:21]} f5 {[%clk 00:39:19]} {[%emt 00:00:32]}
29. Bh4 {[%clk 00:05:16]} {[%emt 00:01:02]} Rb8 {[%clk 00:34:18]} {[%emt
00:05:31]} 30. g4 {[%clk 00:05:20]} {[%emt 00:00:27]} Nd6 {[%clk 00:33:23]}
{[%emt 00:01:25]} 31. g5 {[%clk 00:04:37]} {[%emt 00:01:12]} hxg5 {[%clk
00:32:21]} {[%emt 00:01:32]} 32. fxg5 {[%clk 00:05:01]} {[%emt 00:00:07]} g6
{[%clk 00:32:06]} {[%emt 00:00:44]} 33. Nxg6 {[%clk 00:04:47]} {[%emt
00:00:44]} Kxg6 {[%clk 00:31:24]} {[%emt 00:01:13]} 34. Rxe6+ {[%clk 00:05:12]}
{[%emt 00:00:04]} Kh5 {[%clk 00:31:46]} {[%emt 00:00:08]} 35. Rh6# {[%clk
00:03:16]} {[%emt 00:02:24]} 1-0

[Event "DVM U16w 2023"]
[Site "Magdeburg GER"]
[Date "2023.12.28"]
[Round "4"]
[White "Nguyen, Jenny Ha-Linh"]
[Black "Stepanjan, Marianne"]
[Result "1/2-1/2"]
[Termination "normal"]
[Board "4.1"]
[WhiteElo "1639"]
[BlackElo "1678"]
[WhiteClock "00:43:35"]
[BlackClock "00:02:10"]
[WhiteTeam "SG Leipzig"]
[BlackTeam "TuRa Harksheide 1945 Norderstedt"]
[PlyCount "76"]
[WhiteFideId "16209729"]
[BlackFideId "16246110"]
[EventCountry "GER"]
[EventRounds "7"]
[EventType "team-swiss"]
[EventDate "2023.12.26"]

1. e4 {[%clk 01:30:57]} {[%emt 00:00:02]} c5 {[%clk 01:30:54]} {[%emt
00:00:06]} 2. c3 {[%clk 01:31:21]} {[%emt 00:00:07]} d5 {[%clk 01:31:16]}
{[%emt 00:00:08]} 3. exd5 {[%clk 01:31:43]} {[%emt 00:00:07]} Qxd5 {[%clk
01:31:40]} {[%emt 00:00:06]} 4. d4 {[%clk 01:32:05]} {[%emt 00:00:08]} e6
{[%clk 01:32:01]} {[%emt 00:00:10]} 5. Nf3 {[%clk 01:32:20]} {[%emt 00:00:14]}
cxd4 {[%clk 01:32:06]} {[%emt 00:00:25]} 6. Qxd4 {[%clk 01:31:50]} {[%emt
00:01:01]} Qxd4 {[%emt 00:01:15]} 7. Nxd4 {[%emt 00:00:10]} a6 {[%clk
01:29:16]} {[%emt 00:01:55]} 8. Bc4 {[%clk 01:30:24]} {[%emt 00:01:55]} Nf6
{[%clk 01:29:12]} {[%emt 00:00:33]} 9. O-O {[%clk 01:29:44]} {[%emt 00:01:10]}
Bc5 {[%clk 01:27:25]} {[%emt 00:02:17]} 10. Nb3 {[%clk 01:27:55]} {[%emt
00:02:20]} Ba7 {[%clk 01:20:08]} {[%emt 00:07:47]} 11. N1d2 {[%clk 01:25:42]}
{[%emt 00:02:43]} O-O {[%clk 01:18:47]} {[%emt 00:01:50]} 12. Nf3 {[%clk
01:25:40]} {[%emt 00:00:33]} b5 {[%clk 01:18:39]} {[%emt 00:00:38]} 13. Be2
{[%clk 01:25:21]} {[%emt 00:00:49]} Bb7 {[%clk 01:18:46]} {[%emt 00:00:23]} 14.
Ne5 {[%clk 01:23:21]} {[%emt 00:02:31]} Nbd7 {[%clk 01:09:23]} {[%emt
00:09:53]} 15. Bf3 {[%clk 01:22:41]} {[%emt 00:01:09]} Bxf3 {[%clk 01:06:51]}
{[%emt 00:03:02]} 16. Nxf3 {[%clk 01:23:02]} {[%emt 00:00:07]} Nd5 {[%clk
01:06:18]} {[%emt 00:01:05]} 17. Re1 {[%clk 01:19:55]} {[%emt 00:03:37]} N7f6
{[%clk 01:04:19]} {[%emt 00:02:29]} 18. Nbd4 {[%clk 01:15:38]} {[%emt
00:04:47]} Rac8 {[%clk 00:52:29]} {[%emt 00:12:19]} 19. h3 {[%clk 01:12:20]}
{[%emt 00:03:49]} b4 {[%clk 00:51:20]} {[%emt 00:01:39]} 20. cxb4 {[%clk
01:09:38]} {[%emt 00:03:12]} Nxb4 {[%clk 00:51:38]} {[%emt 00:00:11]} 21. Re2
{[%clk 01:08:42]} {[%emt 00:01:27]} Rc4 {[%clk 00:48:09]} {[%emt 00:03:50]} 22.
Be3 {[%clk 01:03:25]} {[%emt 00:05:56]} Rfc8 {[%clk 00:43:34]} {[%emt
00:05:05]} 23. a3 {[%clk 01:00:20]} {[%emt 00:03:34]} Nbd5 {[%clk 00:39:46]}
{[%emt 00:04:18]} 24. Rd1 {[%clk 00:57:47]} {[%emt 00:03:03]} Nxe3 {[%clk
00:31:38]} {[%emt 00:08:38]} 25. Rxe3 {[%clk 00:57:31]} {[%emt 00:00:46]} Rc1
{[%clk 00:22:42]} {[%emt 00:09:27]} 26. Red3 {[%clk 00:55:41]} {[%emt
00:02:19]} Nd5 {[%clk 00:20:13]} {[%emt 00:03:00]} 27. Nb3 {[%clk 00:53:50]}
{[%emt 00:02:21]} Rxd1+ {[%clk 00:19:17]} {[%emt 00:01:26]} 28. Rxd1 {[%clk
00:54:10]} {[%emt 00:00:09]} Rc2 {[%clk 00:17:10]} {[%emt 00:02:37]} 29. Rd2
{[%clk 00:53:58]} {[%emt 00:00:42]} Rxd2 {[%clk 00:14:32]} {[%emt 00:03:09]}
30. Nfxd2 {[%clk 00:54:18]} {[%emt 00:00:10]} Kf8 {[%clk 00:14:18]} {[%emt
00:00:44]} 31. g3 {[%clk 00:52:50]} {[%emt 00:01:57]} Ke7 {[%clk 00:14:10]}
{[%emt 00:00:38]} 32. Kf1 {[%clk 00:52:58]} {[%emt 00:00:23]} f5 {[%clk
00:12:05]} {[%emt 00:02:34]} 33. Ke2 {[%clk 00:51:42]} {[%emt 00:01:47]} e5
{[%clk 00:06:39]} {[%emt 00:05:55]} 34. Nc4 {[%clk 00:48:32]} {[%emt 00:03:40]}
Ke6 {[%clk 00:06:21]} {[%emt 00:00:46]} 35. Nba5 {[%clk 00:47:22]} {[%emt
00:01:42]} Nb6 {[%clk 00:03:50]} {[%emt 00:02:53]} 36. Ne3 {[%clk 00:43:10]}
{[%emt 00:04:50]} Nd5 {[%clk 00:02:00]} {[%emt 00:02:06]} 37. Nec4 {[%clk
00:43:35]} {[%emt 00:00:19]} Nb6 {[%clk 00:02:08]} {[%emt 00:00:22]} 38. Ne3
{[%emt 00:00:31]} Nd5 {[%clk 00:02:10]} 1/2-1/2

[Event "DVM U16w 2023"]
[Site "Magdeburg GER"]
[Date "2023.12.28"]
[Round "4"]
[White "Ottlik, Marie"]
[Black "Chen, Michelle"]
[Result "1/2-1/2"]
[Termination "normal"]
[Board "4.3"]
[WhiteElo "1452"]
[BlackElo "1011"]
[WhiteClock "00:26:45"]
[BlackClock "00:19:58"]
[WhiteTeam "SG Leipzig"]
[BlackTeam "TuRa Harksheide 1945 Norderstedt"]
[PlyCount "97"]
[WhiteFideId "16281730"]
[BlackFideId "16275403"]
[EventCountry "GER"]
[EventRounds "7"]
[EventType "team-swiss"]
[EventDate "2023.12.26"]

1. e4 {[%clk 01:30:56]} {[%emt 00:00:04]} e5 {[%clk 01:30:56]} {[%emt
00:00:04]} 2. Nf3 {[%clk 01:31:13]} {[%emt 00:00:14]} Nc6 {[%clk 01:31:16]}
{[%emt 00:00:09]} 3. Bc4 {[%clk 01:31:32]} {[%emt 00:00:11]} Nf6 {[%clk
01:31:37]} {[%emt 00:00:10]} 4. d3 {[%clk 01:31:53]} {[%emt 00:00:09]} h6
{[%clk 01:31:51]} {[%emt 00:00:15]} 5. O-O {[%clk 01:32:08]} {[%emt 00:00:15]}
Bc5 {[%clk 01:31:54]} {[%emt 00:00:26]} 6. c3 {[%clk 01:31:11]} {[%emt
00:01:28]} O-O {[%clk 01:28:42]} {[%emt 00:03:42]} 7. Nbd2 {[%clk 01:29:49]}
{[%emt 00:01:52]} d6 {[%clk 01:22:02]} {[%emt 00:07:09]} 8. a4 {[%clk
01:29:21]} {[%emt 00:00:59]} a5 {[%clk 01:20:37]} {[%emt 00:01:54]} 9. Re1
{[%clk 01:28:11]} {[%emt 00:01:41]} Be6 {[%clk 01:17:39]} {[%emt 00:03:28]} 10.
Bb3 {[%clk 01:22:50]} {[%emt 00:05:51]} Re8 {[%clk 01:10:40]} {[%emt 00:07:29]}
11. Nf1 {[%clk 01:22:17]} {[%emt 00:01:03]} Nh7 {[%clk 01:00:13]} {[%emt
00:10:57]} 12. Ng3 {[%clk 01:19:35]} {[%emt 00:03:13]} Bxb3 {[%clk 00:53:12]}
{[%emt 00:07:30]} 13. Qxb3 {[%clk 01:19:45]} {[%emt 00:00:19]} Rb8 {[%clk
00:53:17]} {[%emt 00:00:24]} 14. Nf5 {[%clk 01:14:19]} {[%emt 00:05:58]} Ne7
{[%clk 00:45:17]} {[%emt 00:08:29]} 15. N3h4 {[%clk 01:10:09]} {[%emt
00:04:42]} Nxf5 {[%clk 00:42:43]} {[%emt 00:03:03]} 16. Nxf5 {[%clk 01:09:56]}
{[%emt 00:00:43]} Qf6 {[%clk 00:38:24]} {[%emt 00:04:45]} 17. Be3 {[%clk
01:03:53]} {[%emt 00:06:36]} Bxe3 {[%clk 00:37:47]} {[%emt 00:01:07]} 18. Rxe3
{[%clk 01:02:55]} {[%emt 00:01:29]} Ng5 {[%clk 00:36:34]} {[%emt 00:01:43]} 19.
Rg3 {[%clk 00:59:33]} {[%emt 00:03:52]} Kh7 {[%clk 00:35:57]} {[%emt 00:01:06]}
20. Re1 {[%clk 00:55:09]} {[%emt 00:04:54]} Qe6 {[%clk 00:32:30]} {[%emt
00:03:52]} 21. Qd1 {[%clk 00:53:15]} {[%emt 00:02:30]} g6 {[%clk 00:30:30]}
{[%emt 00:02:29]} 22. Ne3 {[%clk 00:50:37]} {[%emt 00:03:07]} Qd7 {[%clk
00:24:17]} {[%emt 00:06:44]} 23. Nd5 {[%clk 00:45:21]} {[%emt 00:05:47]} Kg7
{[%clk 00:21:49]} {[%emt 00:02:51]} 24. h4 {[%clk 00:35:53]} {[%emt 00:10:05]}
Nh7 {[%clk 00:21:14]} {[%emt 00:01:04]} 25. Ne3 {[%clk 00:32:51]} {[%emt
00:03:32]} Kh8 {[%clk 00:17:54]} {[%emt 00:03:50]} 26. h5 {[%clk 00:30:29]}
{[%emt 00:02:53]} Rg8 {[%clk 00:14:44]} {[%emt 00:03:39]} 27. hxg6 {[%clk
00:26:03]} {[%emt 00:04:57]} fxg6 {[%clk 00:13:01]} {[%emt 00:02:12]} 28. Kh2
{[%clk 00:21:49]} {[%emt 00:04:44]} Nf6 {[%clk 00:07:53]} {[%emt 00:05:30]} 29.
Rh1 {[%clk 00:20:15]} {[%emt 00:02:13]} h5 {[%clk 00:03:49]} {[%emt 00:04:34]}
30. Kg1 {[%clk 00:19:40]} {[%emt 00:01:05]} Rg7 {[%clk 00:03:19]} {[%emt
00:00:59]} 31. Qf3 {[%clk 00:16:19]} {[%emt 00:03:52]} Qe7 {[%clk 00:00:41]}
{[%emt 00:03:08]} 32. Rgh3 {[%clk 00:14:55]} {[%emt 00:01:54]} Rf8 {[%clk
00:00:44]} {[%emt 00:00:25]} 33. Qe2 {[%clk 00:14:08]} {[%emt 00:01:18]} b6
{[%clk 00:00:41]} {[%emt 00:00:34]} 34. Rg3 {[%clk 00:12:04]} {[%emt 00:02:34]}
c6 {[%clk 00:00:34]} {[%emt 00:00:37]} 35. Qd2 {[%clk 00:11:43]} {[%emt
00:00:51]} d5 {[%clk 00:00:33]} {[%emt 00:00:31]} 36. Ng4 {[%clk 00:11:13]}
{[%emt 00:01:00]} Rh7 {[%clk 00:00:34]} {[%emt 00:00:29]} 37. Ne3 {[%clk
00:10:10]} {[%emt 00:01:33]} d4 {[%clk 00:00:35]} {[%emt 00:00:29]} 38. cxd4
{[%clk 00:09:51]} {[%emt 00:00:49]} exd4 {[%clk 00:00:53]} {[%emt 00:00:12]}
39. Nc4 {[%clk 00:09:53]} {[%emt 00:00:28]} Ng4 {[%clk 00:00:32]} {[%emt
00:00:51]} 40. f3 {[%clk 00:08:48]} {[%emt 00:01:34]} b5 {[%clk 00:00:33]}
{[%emt 00:00:29]} 41. axb5 {[%clk 00:08:21]} {[%emt 00:00:58]} cxb5 {[%clk
00:01:01]} {[%emt 00:00:01]} 42. Nxa5 {[%clk 00:08:33]} {[%emt 00:00:18]} Ne5
{[%clk 00:29:40]} {[%emt 00:01:51]} 43. Nb3 {[%clk 00:33:32]} {[%emt 00:05:31]}
Qe6 {[%clk 00:27:08]} {[%emt 00:02:58]} 44. Nxd4 {[%clk 00:32:39]} {[%emt
00:01:28]} Qb6 {[%clk 00:26:58]} {[%emt 00:00:38]} 45. Qe3 {[%clk 00:30:18]}
{[%emt 00:02:53]} Rd8 {[%clk 00:25:14]} {[%emt 00:02:13]} 46. Nc2 {[%clk
00:29:23]} {[%emt 00:01:25]} Qxe3+ {[%clk 00:25:11]} {[%emt 00:00:33]} 47. Nxe3
{[%clk 00:29:51]} {[%emt 00:00:02]} Rxd3 {[%clk 00:23:42]} 48. Kf2 {[%clk
00:26:45]} {[%emt 00:05:35]} Rd2+ {[%clk 00:19:58]} {[%emt 00:04:14]} 49. Ke1
{[%emt 00:06:08]} 1/2-1/2

[Event "DVM U16w 2023"]
[Site "Magdeburg GER"]
[Date "2023.12.28"]
[Round "4"]
[White "Striebeck, Liv"]
[Black "Amelang, Jamie Alice"]
[Result "0-1"]
[Termination "normal"]
[Board "4.4"]
[WhiteElo "1175"]
[BlackElo "1322"]
[WhiteClock "00:36:15"]
[BlackClock "00:45:55"]
[WhiteTeam "TuRa Harksheide 1945 Norderstedt"]
[BlackTeam "SG Leipzig"]
[PlyCount "78"]
[WhiteFideId "16275438"]
[BlackFideId "34605754"]
[EventCountry "GER"]
[EventRounds "7"]
[EventType "team-swiss"]
[EventDate "2023.12.26"]

1. e4 {[%clk 01:30:58]} {[%emt 00:00:02]} e5 {[%clk 01:30:55]} {[%emt
00:00:06]} 2. Nf3 {[%clk 01:31:23]} {[%emt 00:00:04]} Nc6 {[%clk 01:31:14]}
{[%emt 00:00:11]} 3. Nc3 {[%clk 01:31:47]} {[%emt 00:00:07]} Bc5 {[%clk
01:30:50]} {[%emt 00:00:54]} 4. Bc4 {[%clk 01:31:33]} {[%emt 00:00:44]} Nf6
{[%clk 01:30:51]} {[%emt 00:00:28]} 5. d3 {[%clk 01:31:25]} {[%emt 00:00:38]}
h6 {[%clk 01:31:14]} {[%emt 00:00:08]} 6. O-O {[%clk 01:31:37]} {[%emt
00:00:18]} O-O {[%clk 01:31:39]} {[%emt 00:00:05]} 7. Be3 {[%clk 01:30:14]}
{[%emt 00:01:53]} Qe7 {[%clk 01:28:34]} {[%emt 00:03:34]} 8. Bxc5 {[%clk
01:22:49]} {[%emt 00:07:56]} Qxc5 {[%clk 01:28:30]} {[%emt 00:00:33]} 9. Qd2
{[%clk 01:19:41]} {[%emt 00:03:38]} Qe7 {[%clk 01:25:06]} {[%emt 00:03:55]} 10.
Nb5 {[%clk 01:19:12]} {[%emt 00:00:59]} d6 {[%clk 01:24:36]} {[%emt 00:01:00]}
11. Rfe1 {[%clk 01:17:44]} {[%emt 00:01:57]} Bg4 {[%clk 01:22:06]} {[%emt
00:02:59]} 12. Qe3 {[%clk 01:15:38]} {[%emt 00:02:37]} Bxf3 {[%clk 01:20:00]}
{[%emt 00:02:37]} 13. Qxf3 {[%clk 01:15:34]} {[%emt 00:00:33]} a6 {[%clk
01:20:07]} {[%emt 00:00:24]} 14. Nc3 {[%clk 01:15:21]} {[%emt 00:00:43]} Nd4
{[%clk 01:20:18]} {[%emt 00:00:19]} 15. Qd1 {[%clk 01:15:31]} {[%emt 00:00:19]}
Rad8 {[%clk 01:15:23]} {[%emt 00:05:26]} 16. Nd5 {[%clk 01:12:04]} {[%emt
00:03:57]} Nxd5 {[%clk 01:12:15]} {[%emt 00:03:38]} 17. Bxd5 {[%clk 01:10:12]}
{[%emt 00:02:22]} c6 {[%clk 01:12:25]} {[%emt 00:00:19]} 18. c3 {[%clk
01:08:39]} {[%emt 00:02:04]} Ne6 {[%clk 01:09:39]} {[%emt 00:03:16]} 19. Bxe6
{[%clk 01:07:55]} {[%emt 00:01:14]} Qxe6 {[%emt 00:00:10]} 20. Qf3 {[%clk
01:07:28]} {[%emt 00:00:55]} d5 {[%clk 01:09:08]} {[%emt 00:01:22]} 21. d4
{[%clk 01:04:41]} {[%emt 00:03:18]} Rfe8 {[%clk 01:03:11]} {[%emt 00:06:26]}
22. Qd3 {[%clk 00:55:34]} {[%emt 00:09:38]} dxe4 {[%clk 00:59:15]} {[%emt
00:04:24]} 23. Rxe4 {[%clk 00:49:36]} {[%emt 00:06:30]} c5 {[%clk 00:56:25]}
{[%emt 00:03:20]} 24. Rae1 {[%clk 00:47:11]} {[%emt 00:02:55]} Qxa2 {[%clk
00:50:25]} {[%emt 00:06:29]} 25. Rxe5 {[%clk 00:47:12]} {[%emt 00:00:30]} Rxe5
{[%clk 00:50:41]} {[%emt 00:00:14]} 26. Rxe5 {[%clk 00:47:09]} {[%emt
00:00:33]} cxd4 {[%clk 00:50:35]} {[%emt 00:00:36]} 27. h3 {[%clk 00:41:09]}
{[%emt 00:06:31]} Qxb2 {[%clk 00:47:37]} {[%emt 00:03:26]} 28. cxd4 {[%clk
00:41:11]} {[%emt 00:00:28]} Qc1+ {[%clk 00:47:24]} {[%emt 00:00:40]} 29. Qf1
{[%clk 00:39:57]} {[%emt 00:01:48]} Qxf1+ {[%clk 00:47:44]} {[%emt 00:00:11]}
30. Kxf1 {[%clk 00:40:16]} {[%emt 00:00:10]} Rxd4 {[%clk 00:48:10]} {[%emt
00:00:03]} 31. Ra5 {[%clk 00:39:39]} {[%emt 00:01:07]} Rd6 {[%clk 00:48:14]}
{[%emt 00:00:26]} 32. Ke2 {[%clk 00:39:34]} {[%emt 00:00:36]} Kf8 {[%clk
00:47:48]} {[%emt 00:00:56]} 33. Ra3 {[%clk 00:38:05]} {[%emt 00:01:58]} Ke7
{[%clk 00:47:32]} {[%emt 00:00:45]} 34. Rd3 {[%clk 00:37:53]} {[%emt 00:00:44]}
Rxd3 {[%clk 00:47:45]} {[%emt 00:00:17]} 35. Kxd3 {[%clk 00:38:17]} {[%emt
00:00:05]} Kd6 {[%clk 00:48:09]} {[%emt 00:00:07]} 36. Kc4 {[%clk 00:36:56]}
{[%emt 00:01:51]} b5+ {[%clk 00:47:37]} {[%emt 00:01:02]} 37. Kb4 {[%clk
00:37:18]} {[%emt 00:00:08]} Kc6 {[%clk 00:47:58]} {[%emt 00:00:08]} 38. f4
{[%clk 00:35:57]} {[%emt 00:01:51]} a5+ {[%clk 00:45:56]} {[%emt 00:02:34]} 39.
Kxa5 {[%clk 00:36:15]} {[%emt 00:00:10]} Kc5 {[%clk 00:45:55]} {[%emt
00:00:32]} 0-1